000 00514nam a22001937a 4500
003 Ost
005 20250717093713.0
008 250717b |||||||| |||| 00| 0 eng d
020 _a978366251187
040 _cBT-PhCST
050 _a25428-25429
082 _222
_a552
_bSEN
100 _4Sen, Gautam.
245 _aPetrology :
_bprinciples and practice /
260 _aNew York :
_bSpringer Heidlberg,
_cc2014.
300 _av, 368 p. :
_bill. ;
_c28 cm.
500 _aIncludes References.
942 _2ddc
_cGEOLOGY
999 _c10034
_d10034